000 01330nam a22002297a 4500
005 20250127152102.0
008 s2553 th tha d
041 _atha
050 _aP96.P6 ส838ก
_b 2553
100 0 _aสุภาภรณ์ ติ่งอินทร์
245 1 0 _aกลยุทธ์การสื่อสารของสมาชิกวุฒิสภา (ส.ว.) ที่เคยดำรงตำแหน่งกำนัน
260 3 _aกรุงเทพฯ :
_bคณะวารสารศาสตร์และสื่อสารมวลชน มหาวิทยาลัยธรรมศาสตร์,
_c2553
300 _a182 หน้า :
_b ภาพประกอบ ;
_c 30 ซม
650 0 4 _aสมาชิกวุฒิสภา -- การสื่อสารทางการเมือง -- วิจัย
650 0 4 _aกำนัน -- การสื่อสารทางการเมือง -- วิจัย
650 0 4 _aการสื่อสารทางการเมือง
850 _aNALT
942 _cRSH
_01
997 _aบ 23058
997 _c000000000061328
998 _aนางสาวสุพันดา สุภาพ
_j111
_k นางสาวพจพิณ พรมเอี่ยม
999 _c61328
_d61328